مكتبة جامعة عجلون الوطنية

فهرس بحث المكتبة

النباتات الداخلية والخارجية / (Record no. 33179)

MARC details
000 -LEADER
fixed length control field 00647nam a22001937a 4500
003 - CONTROL NUMBER IDENTIFIER
control field JO-AjAnu
005 - DATE AND TIME OF LATEST TRANSACTION
control field 20231202092104.0
008 - FIXED-LENGTH DATA ELEMENTS--GENERAL INFORMATION
fixed length control field 231128b jo ||||| |||| 00| 0 ara d
040 ## - CATALOGING SOURCE
Original cataloging agency JO-AjAnu
Language of cataloging ARA
Transcribing agency JO-AjAnu
041 ## - LANGUAGE CODE
Language code of text/sound track or separate title ARA
050 ## - LIBRARY OF CONGRESS CALL NUMBER
Classification number SB4030.45
-- U2238
100 ## - MAIN ENTRY--PERSONAL NAME
Personal name عبيد، هبة
9 (RLIN) 64504
Relator term مؤلف
245 20 - TITLE STATEMENT
Title النباتات الداخلية والخارجية /
Statement of responsibility, etc. هبة عبيد
260 ## - PUBLICATION, DISTRIBUTION, ETC.
Place of publication, distribution, etc. عمان :
Name of publisher, distributor, etc. دار اليازوري،
Date of publication, distribution, etc. د.ن
300 ## - PHYSICAL DESCRIPTION
Extent 208صفحة
500 ## - GENERAL NOTE
General note يحتوي على صور توضيحية
650 70 - SUBJECT ADDED ENTRY--TOPICAL TERM
Topical term or geographic name entry element نباتات الزينه - الزينة - الزهور
9 (RLIN) 64505
942 ## - ADDED ENTRY ELEMENTS (KOHA)
Source of classification or shelving scheme Library of Congress Classification
Koha item type Books
Suppress in OPAC No
Holdings
Withdrawn status Lost status Source of classification or shelving scheme Damaged status Not for loan Home library Current library Date acquired Total Checkouts Full call number Barcode Date last seen Price effective from Koha item type
    Library of Congress Classification     مكتبة جامعة عجلون الوطنية مكتبة جامعة عجلون الوطنية 28/11/2023   SB403045.U2238 A29646 28/11/2023 28/11/2023 Books
    Library of Congress Classification     مكتبة جامعة عجلون الوطنية مكتبة جامعة عجلون الوطنية 28/11/2023   SB403.45.U2238 A29647 28/11/2023 28/11/2023 Books